000 00440nam a2200169Ia 4500
003 LK-CoDNM
005 20240801101301.0
008 010623t1917 xxu||||| |||| 00| 1 fra d
040 _aLK-CoDNM
_dLK-CoDNM
_eLK-CoDNM
041 _afra
080 _a8
_bN19
100 _aAndersen,Dines.
245 _aA Paali Reader : with notes and Glossary
260 _bCopenhagen,London
_c1917
300 _b132p. : 260: 3rd ed ; 25 cm
942 _cBK
999 _c89046
_d89046